000 00631nam a2200229Ia 4500
003 OSt
005 20221006165546.0
006 a|||||r|||| 00| 0
007 ta
008 221006b |||||||| |||| 00| 0 hin d
024 _a5,482
037 _cTextual
040 _aFML
_cFML
_bhin
041 _2hin
_ahin
082 _aNR44,1, Q3
100 _aVijay Kumar Au.
_9552595
245 0 _aBharatiya Sangeet Main Shuskaksharo Ke Prayoog Ki Parampara
260 _aGaziabad
_bNaitik Prakashan India
_c2013
300 _a167
_ccm.
942 _hNR44,1, Q3
_cTEXL
_2CC
999 _c1121256
_d1121256